<?xml version="1.0" encoding="UTF-8"?>
<marc:record xmlns:marc="http://www.loc.gov/MARC21/slim">
   <marc:leader>00000nam a2200000 a 4500</marc:leader>
   <marc:datafield ind1="1" ind2=" " tag="100">
      <marc:subfield code="a">Williams, Robin</marc:subfield>
   </marc:datafield>
   <marc:datafield ind1=" " ind2=" " tag="653">
      <marc:subfield code="a">Judenverfolgung</marc:subfield>
   </marc:datafield>
   <marc:datafield ind1=" " ind2=" " tag="653">
      <marc:subfield code="a">2. Weltkrieg</marc:subfield>
   </marc:datafield>
   <marc:datafield ind1="0" ind2="0" tag="245">
      <marc:subfield code="a">Jakob, der Lügner</marc:subfield>
   </marc:datafield>
   <marc:datafield ind1="0" ind2="0" tag="245">
      <marc:subfield code="b">Als alle Hoffnung verloren war, hat er neue erfunden.</marc:subfield>
   </marc:datafield>
   <marc:datafield ind1=" " ind2="1" tag="264">
      <marc:subfield code="a">München</marc:subfield>
      <marc:subfield code="b">Columbia Pictures</marc:subfield>
      <marc:subfield code="c">1990</marc:subfield>
   </marc:datafield>
   <marc:datafield ind1="1" ind2=" " tag="520">
      <marc:subfield code="a">Jakob Robin Williams ist Besitzer eines kleinen Cafs in Polen während des Zweiten Weltkriegs. Eines Tages hört Jakob zufällig die streng verbotenen russischen Nachrichten im Radio. Die Russen berichten von ihren Erfolgen gegen die Wehrmacht. Jakob verbreitet die guten Nachrichten im Ghetto und gibt den Menschen neuen Mut und Hoffnung. Daufhin erfindet er immer weiter gute Nachrichten - bis eines Tages die Deutschen davon erfahren und der Sache auf den Grund gehen... Eine absolute Paraderolle für Robin Williams.</marc:subfield>
   </marc:datafield>
   <marc:datafield ind1=" " ind2=" " tag="020">
      <marc:subfield code="a">4030521267732</marc:subfield>
      <marc:subfield code="9">4030521267732</marc:subfield>
   </marc:datafield>
   <marc:datafield ind1="0" ind2=" " tag="490">
      <marc:subfield code="v">0</marc:subfield>
   </marc:datafield>
   <marc:datafield ind1=" " ind2=" " tag="300">
      <marc:subfield code="a">DVD (116 Min.)</marc:subfield>
   </marc:datafield>
</marc:record>
